| 000 | 00648cam a22002411 4500 | ||
|---|---|---|---|
| 001 | sa 68018751 | ||
| 003 | DLC | ||
| 005 | 20260227112714.0 | ||
| 008 | 941018m19631967ii b 000 0 kano | ||
| 010 | _asa 68018751 | ||
| 025 | _aPL480:I-Kan-1262 | ||
| 035 | _a(OCoLC)31309132 | ||
| 040 |
_aDLC _cCU _dCU _dDLC |
||
| 042 | _apremarc | ||
| 050 | 0 | 0 |
_aLB2805 _b.J3 |
| 100 | 1 | _aJavaḷi, Virupākṣappa Koṭṭappa. | |
| 245 | 1 | 0 | _aSāleya hosa āḍaḷita. |
| 260 | _c[1963-67] | ||
| 300 |
_a2 v. in 1 _c19 cm. |
||
| 500 | _aIn Kannada. | ||
| 504 | _aBibliography : v. 2, p. [389]-[390] | ||
| 650 | 0 | _aSchool management and organization. | |
| 999 |
_c88624 _d88624 |
||